[Event "Bristol Summer 2017 Fide Open"]
[Site "Bristol"]
[Date "2017.06.10"]
[Round "2.14"]
[White "Timmins, Chris P"]
[Black "Meek, Stephen J"]
[Result "1/2-1/2"]
[WhiteElo "1792"]
[BlackElo "1983"]
[PlyCount "62"]
[EventDate "2017.06.09"]
[EventCountry "ENG"]

1. e4 d6 2. d4 Nf6 3. Bd3 e5 4. Ne2 Be7 5. O-O O-O 6. Kh1 c5 7. dxe5 dxe5 8.
Ng3 Nc6 9. c3 Be6 10. Qe2 Qc7 11. Nd2 a6 12. Nf3 b5 13. Ng5 c4 14. Bc2 Bc8 15.
h3 Nd7 16. Nf5 Bxg5 17. Bxg5 Nc5 18. a4 Rb8 19. axb5 axb5 20. Rfd1 f6 21. Be3
Ne7 22. Nxe7+ Qxe7 23. Rd5 Ne6 24. b3 Qc7 25. bxc4 bxc4 26. Ra4 Rb2 27. Rd2 Rd8
28. Rxd8+ Qxd8 29. Ra1 Qc7 30. Rd1 h6 31. Rd2 Kh7 1/2-1/2

[Event "Bristol Summer 2017 Fide Open"]
[Site "Bristol"]
[Date "2017.06.10"]
[Round "2.15"]
[White "Lee, Anthony Kh"]
[Black "Fowler, Hugo"]
[Result "1-0"]
[WhiteElo "1975"]
[BlackElo "1713"]
[PlyCount "89"]
[EventDate "2017.06.09"]
[EventCountry "ENG"]

1. e4 e5 2. Nf3 Nc6 3. Bb5 a6 4. Bxc6 dxc6 5. d4 Bg4 6. dxe5 Qxd1+ 7. Kxd1
O-O-O+ 8. Ke2 Bc5 9. Be3 Bxe3 10. Kxe3 Ne7 11. Ng5 Bh5 12. f3 h6 13. Nh3 Rd7
14. Nc3 Rhd8 15. Nf4 Bg6 16. Rad1 Rxd1 17. Rxd1 Rxd1 18. Nxd1 Kd7 19. Kd4 b6
20. c3 c5+ 21. Kd3 Nc6 22. Nxg6 fxg6 23. f4 g5 24. g3 gxf4 25. gxf4 g5 26. f5
Nxe5+ 27. Ke2 Kd6 28. Ne3 c6 29. h3 a5 30. b3 b5 31. c4 b4 32. Nf1 Nd7 33. Kf3
Ke5 34. Ne3 h5 35. Nf1 Kd4 36. h4 Ne5+ 37. Kg3 gxh4+ 38. Kf4 Nf7 39. Nh2 h3 40.
Nf3+ Kd3 41. e5 Ke2 42. Ng1+ Kd3 43. Nxh3 Kd4 44. e6 Nd6 45. f6 1-0

[Event "Bristol Summer 2017 Fide Open"]
[Site "Bristol"]
[Date "2017.06.10"]
[Round "2.16"]
[White "French, Max"]
[Black "Mascunano, Juan"]
[Result "1-0"]
[WhiteElo "1970"]
[BlackElo "1637"]
[PlyCount "57"]
[EventDate "2017.06.09"]
[EventCountry "ENG"]

1. d4 Nf6 2. c4 g6 3. Nc3 Bg7 4. e4 d6 5. Be2 O-O 6. Be3 e5 7. d5 Ne8 8. b4 f5
9. f3 f4 10. Bf2 Nd7 11. Rc1 b6 12. Qb3 g5 13. Na4 Ndf6 14. c5 Rf7 15. Bb5 bxc5
16. bxc5 Rb8 17. Qd3 dxc5 18. Nxc5 Nd6 19. Bc6 h5 20. Rb1 Rb6 21. a4 a5 22. Ne2
g4 23. Kd2 Nh7 24. Ne6 Bxe6 25. Bxb6 cxb6 26. dxe6 Nc4+ 27. Kc3 Qxd3+ 28. Kxd3
Rc7 29. e7 1-0

[Event "Bristol Summer 2017 Fide Open"]
[Site "Bristol"]
[Date "2017.06.10"]
[Round "2.17"]
[White "Musson, Adam J"]
[Black "Prasse, Philipp"]
[Result "1/2-1/2"]
[WhiteElo "2086"]
[BlackElo "2009"]
[PlyCount "40"]
[EventDate "2017.06.09"]
[EventCountry "ENG"]

1. d4 d5 2. c4 e6 3. Nf3 Nf6 4. g3 Be7 5. Bg2 O-O 6. O-O dxc4 7. Ne5 c5 8. dxc5
Bxc5 9. Nxc4 Nc6 10. Nc3 Re8 11. Bf4 Nh5 12. Bd6 Bxd6 13. Nxd6 Re7 14. Nxc8 Rd7
15. Qa4 Rxc8 16. Rfd1 Nf6 17. Rxd7 Qxd7 18. Rd1 Qc7 19. Qb5 a6 20. Qa4 h6
1/2-1/2

[Event "Bristol Summer 2017 Fide Open"]
[Site "Bristol"]
[Date "2017.06.10"]
[Round "2.18"]
[White "Fathallah, Joe"]
[Black "Morris, Gareth L"]
[Result "0-1"]
[WhiteElo "1925"]
[BlackElo "2059"]
[PlyCount "94"]
[EventDate "2017.06.09"]
[EventCountry "ENG"]

1. d4 Nf6 2. c4 c5 3. d5 e5 4. Nc3 d6 5. e4 Nbd7 6. g3 a6 7. a4 b6 8. Bg2 Be7
9. f4 h5 10. Nf3 exf4 11. Bxf4 Ng4 12. h3 Nge5 13. Nxe5 Nxe5 14. Bxe5 dxe5 15.
O-O Bd6 16. Kh2 h4 17. g4 Ra7 18. Qe2 Qg5 19. a5 Rb7 20. axb6 Rxb6 21. Qf2 Qe7
22. Ra5 Rb4 23. Na4 Qc7 24. Rxc5 Bxc5 25. Nxc5 O-O 26. b3 Qb6 27. Nd3 Qxf2 28.
Rxf2 Rxb3 29. Nxe5 Rc3 30. Bf1 f6 31. Ng6 Re8 32. Nxh4 Rxe4 33. Ng2 Rc1 34. Nf4
a5 35. d6 Rd4 36. Nd5 Bd7 37. g5 fxg5 38. Ne7+ Kh7 39. Rf3 Rxd6 40. Bd3+ Kh6
41. Rf8 g6 42. Rf7 g4 43. Bxg6 Rd2+ 44. Kg3 Rc3+ 45. Kf4 Rf3+ 46. Ke5 Rxf7 47.
Bxf7 gxh3 0-1

[Event "Bristol Summer 2017 Fide Open"]
[Site "Bristol"]
[Date "2017.06.10"]
[Round "2.19"]
[White "Moore, Geoffrey R"]
[Black "Rodriguez, Juan Talavera"]
[Result "1-0"]
[WhiteElo "2010"]
[BlackElo "1987"]
[PlyCount "49"]
[EventDate "2017.06.09"]
[EventCountry "ENG"]

1. e4 e5 2. f4 d5 3. exd5 exf4 4. Qf3 Bd6 5. Bb5+ Bd7 6. Nc3 Qh4+ 7. Kf1 Nf6 8.
Nge2 a6 9. Bxd7+ Nbxd7 10. d4 g5 11. Ne4 Nxe4 12. Qxe4+ Kf8 13. Qf5 Rd8 14. Bd2
h6 15. c4 Kg7 16. c5 Be7 17. Be1 Qh5 18. Nxf4 Qg6 19. Nxg6 fxg6 20. Qd3 Nf6 21.
Bg3 Rxd5 22. Be5 Rf8 23. Qc4 c6 24. Ke2 Kh7 25. Rhf1 1-0

[Event "Bristol Summer 2017 Fide Open"]
[Site "Bristol"]
[Date "2017.06.10"]
[Round "3.1"]
[White "Arkell, Keith C"]
[Black "Littlewood, Paul E"]
[Result "1-0"]
[WhiteElo "2411"]
[BlackElo "2370"]
[PlyCount "89"]
[EventDate "2017.06.09"]
[EventCountry "ENG"]

1. d4 Nf6 2. Nf3 g6 3. c4 Bg7 4. Nc3 O-O 5. g3 d6 6. Bg2 Nbd7 7. O-O e5 8. e4
exd4 9. Nxd4 Re8 10. h3 c6 11. Re1 a5 12. Be3 Nc5 13. Qc2 a4 14. Rad1 Qa5 15.
Bf4 Bf8 16. Nf3 Be6 17. Bxd6 Bxc4 18. Bxf8 Rxf8 19. e5 Nfd7 20. Rd4 Be6 21. Qd2
f6 22. exf6 Nxf6 23. Ng5 Bf5 24. Re7 Rfe8 25. Rxe8+ Nxe8 26. g4 Be6 27. Nxe6
Nxe6 28. Rxa4 Qd8 29. Qe3 N8c7 30. Rb4 Rb8 31. Qe5 Qd2 32. a3 b5 33. Bxc6 Rf8
34. Qe3 Qd6 35. Bxb5 Nxb5 36. Rxb5 Nf4 37. Rb4 g5 38. Re4 Qc6 39. Kh2 Rd8 40.
Ne2 Rd3 41. Re8+ Kg7 42. Qe7+ Kh6 43. Qf8+ Kg6 44. Nxf4+ gxf4 45. Qf5+ 1-0

[Event "Bristol Summer 2017 Fide Open"]
[Site "Bristol"]
[Date "2017.06.10"]
[Round "3.2"]
[White "Beaumont, Chris R"]
[Black "Martin, Lewis"]
[Result "1/2-1/2"]
[WhiteElo "2289"]
[BlackElo "2089"]
[PlyCount "65"]
[EventDate "2017.06.09"]
[EventCountry "ENG"]

1. c4 Nf6 2. Nf3 g6 3. Nc3 Bg7 4. e4 d6 5. d4 O-O 6. Be2 e5 7. d5 a5 8. Bg5 Na6
9. Nd2 Nc5 10. O-O Qd7 11. b3 h6 12. Be3 b6 13. a3 Ng4 14. Bxg4 Qxg4 15. Qxg4
Bxg4 16. b4 Nd3 17. c5 bxc5 18. bxc5 Nxc5 19. Bxc5 dxc5 20. Na4 c6 21. h3 Bc8
22. Nb6 Ra7 23. Nxc8 Rxc8 24. d6 Rd8 25. Nc4 Bf8 26. Rfd1 Rad7 27. Rd2 a4 28.
Rb1 f6 29. Kf1 Kf7 30. Rb6 Bxd6 31. Rxc6 Be7 32. Rxd7 Rxd7 33. Nb6 1/2-1/2

[Event "Bristol Summer 2017 Fide Open"]
[Site "Bristol"]
[Date "2017.06.10"]
[Round "3.3"]
[White "Girdlestone, Paul C"]
[Black "Reznak, Attila"]
[Result "0-1"]
[WhiteElo "2072"]
[BlackElo "2283"]
[PlyCount "86"]
[EventDate "2017.06.09"]
[EventCountry "ENG"]

1. e4 c5 2. Nf3 d6 3. b3 Nf6 4. Nc3 Nc6 5. Bb2 e6 6. Bb5 Bd7 7. d4 cxd4 8. Nxd4
Be7 9. O-O O-O 10. Kh1 Rc8 11. Be2 a6 12. a4 Qb6 13. Nxc6 Bxc6 14. Bc4 Nxe4 15.
Nxe4 Bxe4 16. Qg4 Bg6 17. Rae1 Qd8 18. Re2 d5 19. Rd1 Bf6 20. Ba3 Re8 21. g3
Qa5 22. Bd3 Bxd3 23. Rxd3 d4 24. Qe4 b5 25. Bb2 bxa4 26. Bxd4 Bxd4 27. Rxd4
axb3 28. cxb3 Red8 29. Rc2 Qb5 30. Rdc4 Rxc4 31. Qxc4 Qb7+ 32. Qc6 Qxb3 33. Rd2
Rb8 34. Kg2 Qb5 35. Qc7 h6 36. Rd7 Rf8 37. Rd6 a5 38. Qa7 Re8 39. Rd7 Qf5 40.
Qe3 Ra8 41. Ra7 Rxa7 42. Qxa7 Qe4+ 43. Kh3 a4 0-1

[Event "Bristol Summer 2017 Fide Open"]
[Site "Bristol"]
[Date "2017.06.10"]
[Round "3.4"]
[White "Kett, Timothy J"]
[Black "Dilleigh, Stephen P"]
[Result "1/2-1/2"]
[WhiteElo "2221"]
[BlackElo "2053"]
[PlyCount "79"]
[EventDate "2017.06.09"]
[EventCountry "ENG"]

1. e4 e6 2. d4 d5 3. Nc3 Nf6 4. e5 Nfd7 5. f4 c5 6. Nf3 Nc6 7. Be3 cxd4 8. Nxd4
Bc5 9. Qd2 Bxd4 10. Bxd4 Nxd4 11. Qxd4 Qb6 12. O-O-O Qxd4 13. Rxd4 Ke7 14. g3
Nb8 15. Bg2 Nc6 16. Rd2 Rd8 17. b3 Bd7 18. Kb2 Rac8 19. Re1 Na5 20. Ne2 b5 21.
Nd4 b4 22. a3 bxa3+ 23. Kxa3 Rb8 24. g4 Rb6 25. Bf1 Rdb8 26. Ra1 Nc4+ 27. Bxc4
dxc4 28. Kb2 cxb3 29. Rxa7 bxc2+ 30. Kxc2 R8b7 31. Rxb7 Rxb7 32. Kd3 Ra7 33.
Rb2 f6 34. Ke4 fxe5 35. fxe5 Be8 36. Rb6 Bd7 37. h4 h6 38. Kf4 Ra4 39. Rd6 Ra1
40. Nc6+ 1/2-1/2

[Event "Bristol Summer 2017 Fide Open"]
[Site "Bristol"]
[Date "2017.06.10"]
[Round "3.5"]
[White "Hill, Alistair"]
[Black "Lee, Anthony Kh"]
[Result "1-0"]
[WhiteElo "2193"]
[BlackElo "1975"]
[PlyCount "121"]
[EventDate "2017.06.09"]
[EventCountry "ENG"]

1. Nf3 Nf6 2. c4 g6 3. d4 Bg7 4. Nc3 O-O 5. e4 d6 6. Be2 e5 7. d5 a5 8. Bg5 h6
9. Be3 Ng4 10. Bd2 f5 11. exf5 gxf5 12. h3 Nf6 13. Qc1 f4 14. g3 e4 15. Nh4 e3
16. fxe3 fxg3 17. Ng6 Re8 18. Qc2 Na6 19. O-O-O Nc5 20. Bd3 Nfd7 21. Rhg1 Ne5
22. Nxe5 Bxe5 23. Bf5 Qh4 24. Bxc8 Raxc8 25. Qg6+ Kh8 26. e4 Nd3+ 27. Kc2 Nf4
28. Qxg3 Qxg3 29. Rxg3 Nxd5 30. Rg6 Nb4+ 31. Kb3 Bg7 32. Rdg1 Re7 33. Nd5 Nxd5
34. cxd5 Kh7 35. Bxa5 Bd4 36. R1g3 Rxe4 37. Bd2 Rh4 38. Bc3 Bxc3 39. bxc3 Rxh3
40. Rg7+ Kh8 41. R3g6 Rh1 42. Re7 Rg8 43. Rf6 Rg7 44. Rff7 Rxf7 45. Rxf7 h5 46.
Rxc7 h4 47. Kc4 b5+ 48. Kxb5 h3 49. Rc4 h2 50. Rh4+ Kg7 51. Kc6 Kf6 52. Kxd6
Kg5 53. Rh8 Kf6 54. c4 Rc1 55. Rxh2 Rxc4 56. Rf2+ Kg7 57. Ke7 Re4+ 58. Kd7 Ra4
59. d6 Ra7+ 60. Ke6 Ra6 61. Ke7 1-0

[Event "Bristol Summer 2017 Fide Open"]
[Site "Bristol"]
[Date "2017.06.10"]
[Round "3.6"]
[White "Moore, Graham J"]
[Black "French, Max"]
[Result "1-0"]
[WhiteElo "2119"]
[BlackElo "1970"]
[PlyCount "99"]
[EventDate "2017.06.09"]
[EventCountry "ENG"]

1. e4 c6 2. d4 d5 3. Nd2 dxe4 4. Nxe4 Bf5 5. Ng3 Bg6 6. h4 h6 7. Nf3 Nd7 8. h5
Bh7 9. Bd3 Bxd3 10. Qxd3 e6 11. Bd2 Ngf6 12. O-O-O Be7 13. Kb1 O-O 14. Ne4 Nxe4
15. Qxe4 Nf6 16. Qe2 Qd5 17. Be3 Qb5 18. c4 Qf5+ 19. Ka1 c5 20. Nh4 Qh7 21. d5
exd5 22. cxd5 Ne4 23. g4 Rfe8 24. Nf5 Nd6 25. Qf3 Nxf5 26. gxf5 Bf6 27. d6 Rad8
28. Bxc5 Re5 29. Rd5 b6 30. Bb4 Kh8 31. Rc1 a5 32. Bc3 Ree8 33. Bxf6 gxf6 34.
d7 Re5 35. a3 Qg8 36. Rxe5 fxe5 37. Qe3 Kh7 38. Rc7 f6 39. Qxb6 Qg7 40. Qe6 e4
41. a4 Qg1+ 42. Ka2 Qg7 43. b3 e3 44. fxe3 Qg2+ 45. Ka3 Qg7 46. Qe8 Qg3 47.
Qg6+ Qxg6 48. fxg6+ Kg7 49. b4 axb4+ 50. Kxb4 1-0

[Event "Bristol Summer 2017 Fide Open"]
[Site "Bristol"]
[Date "2017.06.10"]
[Round "3.7"]
[White "Bicknell, Carl"]
[Black "Stranger, Morris"]
[Result "0-1"]
[WhiteElo "2087"]
[BlackElo "2095"]
[PlyCount "60"]
[EventDate "2017.06.09"]
[EventCountry "ENG"]

1. e4 e6 2. d4 d5 3. Nc3 dxe4 4. Nxe4 Nd7 5. Nf3 Ngf6 6. Nxf6+ Nxf6 7. Ne5 Be7
8. Be2 O-O 9. O-O c5 10. dxc5 Bxc5 11. Nd3 Bd6 12. Bf3 Qc7 13. g3 h6 14. Re1 e5
15. b3 Bf5 16. Bg2 Rac8 17. Qf3 Bg6 18. Qxb7 Qxc2 19. Nb2 Bc5 20. Qf3 Bh5 21.
g4 Bxg4 22. Qg3 Bd4 23. h3 Bh5 24. Nc4 Bxa1 25. Bxh6 Qg6 26. Bg5 Bd4 27. Nxe5
Bxe5 28. Rxe5 Nd7 29. Re7 f6 30. Rxd7 Qxg5 0-1

[Event "Bristol Summer 2017 Fide Open"]
[Site "Bristol"]
[Date "2017.06.10"]
[Round "3.8"]
[White "Coleman, David J"]
[Black "Krzyzanowski, Patryk"]
[Result "0-1"]
[WhiteElo "2141"]
[BlackElo "2065"]
[PlyCount "140"]
[EventDate "2017.06.09"]
[EventCountry "ENG"]

1. e4 c5 2. Nf3 g6 3. d4 cxd4 4. Nxd4 Nc6 5. Nc3 Bg7 6. Be3 Nf6 7. Bc4 Qa5 8.
O-O O-O 9. Bb3 d6 10. h3 Bd7 11. Re1 Nxd4 12. Bxd4 Bc6 13. Qd2 Rfe8 14. Rad1
Rad8 15. f3 b6 16. Re2 Qh5 17. Qe1 Nd7 18. Bxg7 Kxg7 19. Nd5 Rc8 20. Qf2 Bb5
21. Red2 Nc5 22. Nc3 Bc6 23. Bd5 Bd7 24. a3 Kg8 25. Qe3 Na4 26. Nxa4 Bxa4 27.
b3 Bd7 28. b4 Qe5 29. Bb3 Rc3 30. Qf2 Be6 31. Bxe6 fxe6 32. a4 Rec8 33. a5 R8c6
34. axb6 axb6 35. Ra1 Rxc2 36. Rxc2 Qxa1+ 37. Kh2 Qe5+ 38. g3 Qb5 39. Rxc6 Qxc6
40. Qa2 d5 41. exd5 exd5 42. Qe2 Qd6 43. b5 d4 44. Qd3 Kg7 45. h4 e5 46. Kg2
Qd5 47. Qa3 Qd7 48. Qd3 Kf6 49. g4 h6 50. Kh3 h5 51. Kg3 hxg4 52. fxg4 Qd6 53.
g5+ Ke7 54. Qe4 d3 55. Qb7+ Ke6 56. Qc8+ Kd5 57. Kf3 e4+ 58. Kf2 Qh2+ 59. Kf1
Qh1+ 60. Kf2 Qxh4+ 61. Kf1 Qf4+ 62. Ke1 Qe3+ 63. Kf1 Qe2+ 64. Kg1 d2 65. Qc6+
Ke5 66. Qf6+ Kd5 67. Qc6+ Kd4 68. Qxb6+ Kc3 69. Qc5+ Qc4 70. Qa3+ Kc2 0-1

[Event "Bristol Summer 2017 Fide Open"]
[Site "Bristol"]
[Date "2017.06.10"]
[Round "3.9"]
[White "Meek, Stephen J"]
[Black "Villiers, Thomas"]
[Result "0-1"]
[WhiteElo "1983"]
[BlackElo "2124"]
[PlyCount "66"]
[EventDate "2017.06.09"]
[EventCountry "ENG"]

1. e4 e6 2. d4 d5 3. e5 c5 4. c3 Nc6 5. Nf3 Qb6 6. a3 Nh6 7. b4 cxd4 8. cxd4
Nf5 9. Bb2 Be7 10. Bd3 Bd7 11. Bxf5 exf5 12. Nc3 Be6 13. O-O g5 14. Rc1 g4 15.
Na4 Qd8 16. Nd2 Rc8 17. f4 O-O 18. Qb3 b6 19. Qd3 Qd7 20. Nc3 a5 21. bxa5 Nxa5
22. Ne2 Nc4 23. Nxc4 dxc4 24. Qc2 c3 25. Bxc3 Bxa3 26. Rce1 Bc4 27. Qd2 Rfd8
28. Rf2 Bxe2 29. Rfxe2 Rc6 30. Rd1 Qd5 31. Kh1 Qb3 32. Bb2 Bxb2 33. Rb1 Rdc8
0-1

[Event "Bristol Summer 2017 Fide Open"]
[Site "Bristol"]
[Date "2017.06.10"]
[Round "3.10"]
[White "Dunn, Alan"]
[Black "Timmins, Chris P"]
[Result "0-1"]
[WhiteElo "2072"]
[BlackElo "1792"]
[Annotator "Tipper, Dave"]
[PlyCount "114"]
[EventDate "2017.06.09"]
[EventCountry "ENG"]

1. d4 Nf6 2. Bf4 g6 3. Nc3 d5 4. e3 Bg7 5. h4 h6 6. Bd3 a6 7. a4 c5 8. dxc5 Nc6
9. Nf3 Bg4 10. Qd2 Bxf3 11. gxf3 e5 12. Bg3 Qa5 13. h5 g5 14. O-O-O Qxc5 15.
Bf5 O-O 16. f4 exf4 17. exf4 d4 18. Ne4 Qxf5 19. Nd6 Qa5 20. Qxa5 Nxa5 21. fxg5
Nd5 22. Rdg1 Kh7 23. Kb1 hxg5 24. h6 Bf6 25. Rh5 Rg8 26. Rgh1 Nc6 27. f4 Nxf4
28. Bxf4 gxf4 29. Rf5 Rg6 30. Ne4 Be7 31. Rxf7+ Kh8 32. Rxf4 Rf8 33. Rxf8+ Bxf8
34. h7 Be7 35. Rh5 Rg7 36. Nc5 Bxc5 37. Rxc5 Kxh7 38. c3 Rd7 39. cxd4 Rxd4 40.
b3 Kg6 41. Kc2 Kf6 42. Rh5 Ke6 43. Rh1 Rb4 44. Kc3 Kd6 45. Rh6+ Kc5 46. Rh5+
Kb6 47. Rh6 a5 48. Rg6 Ka7 49. Rg5 b6 50. Rd5 Re4 51. Rd3 Ne5 52. Rh3 Rf4 53.
Kc2 Ka6 54. Rh6 Rf3 55. Rh5 Nd7 56. Rb5 Nc5 57. Kb2 Rf5 {Black won after 65
moves} 0-1

[Event "Bristol Summer 2017 Fide Open"]
[Site "Bristol"]
[Date "2017.06.10"]
[Round "3.11"]
[White "Morris, Gareth L"]
[Black "Kramaley, David"]
[Result "1-0"]
[WhiteElo "2059"]
[BlackElo "1836"]
[PlyCount "73"]
[EventDate "2017.06.09"]
[EventCountry "ENG"]

1. d4 d5 2. c4 c6 3. Nf3 Nf6 4. Nc3 dxc4 5. e4 b5 6. e5 Nd5 7. Ng5 e6 8. Qh5 g6
9. Qh3 h6 10. Be2 Be7 11. Nf3 b4 12. Ne4 Ba6 13. O-O c3 14. Bxa6 cxb2 15. Bxb2
Nxa6 16. Nfd2 c5 17. Nc4 Kf8 18. Rfd1 Kg7 19. Rac1 Bg5 20. Rc2 b3 21. Qxb3 Rb8
22. Qa4 Nab4 23. Re2 Nf4 24. Re3 Nxg2 25. Kxg2 Bxe3 26. Nxe3 Qh4 27. Nxc5 Nd5
28. Rd2 Nf4+ 29. Kf3 Nh3 30. Qxa7 Ng5+ 31. Ke2 Ra8 32. Qe7 Rhb8 33. Nxe6+ Kg8
34. Nxg5 hxg5 35. e6 Rf8 36. d5 Rae8 37. exf7+ 1-0

[Event "Bristol Summer 2017 Fide Open"]
[Site "Bristol"]
[Date "2017.06.10"]
[Round "3.12"]
[White "Purry, Chris S"]
[Black "Moore, Geoffrey R"]
[Result "0-1"]
[WhiteElo "1796"]
[BlackElo "2010"]
[PlyCount "100"]
[EventDate "2017.06.09"]
[EventCountry "ENG"]

1. e4 e6 2. d4 d5 3. Nd2 Nf6 4. e5 Nfd7 5. Bd3 c5 6. c3 Nc6 7. Ne2 cxd4 8. cxd4
f6 9. exf6 Nxf6 10. Nf3 Bd6 11. g3 O-O 12. O-O Ng4 13. Nh4 e5 14. f3 e4 15. Bb1
Nxh2 16. Rf2 Nxf3+ 17. Nxf3 exf3 18. Qd3 Bf5 19. Qxf3 Be4 20. Qe3 Rxf2 21. Qxf2
Qe7 22. Bxe4 Qxe4 23. Bf4 Bxf4 24. Nxf4 Nxd4 25. Rd1 Nf3+ 26. Kf1 Rd8 27. Qxa7
d4 28. Qa5 Rd6 29. Qc7 Rh6 30. Qd8+ Kf7 31. Qd5+ Qxd5 32. Nxd5 Rh1+ 33. Ke2
Rxd1 34. Kxd1 Ne5 35. Kd2 Kg6 36. a4 Kf5 37. Nf4 Ke4 38. b3 g5 39. Ne6 Nf3+ 40.
Kd1 Kd5 41. Nf8 h6 42. Ke2 Ne5 43. Nh7 Ke6 44. b4 Kf7 45. a5 Kg7 46. Nxg5 hxg5
47. b5 Kf6 48. a6 bxa6 49. bxa6 Nc6 50. Kd3 Ke5 0-1

[Event "Bristol Summer 2017 Fide Open"]
[Site "Bristol"]
[Date "2017.06.10"]
[Round "3.13"]
[White "Littleton, Mark"]
[Black "Nendick, Philip Hc"]
[Result "0-1"]
[WhiteElo "1889"]
[BlackElo "1998"]
[PlyCount "84"]
[EventDate "2017.06.09"]
[EventCountry "ENG"]

1. d4 Nf6 2. Nf3 e6 3. Bg5 h6 4. Bh4 d5 5. e3 Nbd7 6. Bd3 c5 7. c3 Bd6 8. Nbd2
Qb6 9. Rb1 O-O 10. O-O Re8 11. c4 e5 12. dxe5 Bxe5 13. cxd5 Nxd5 14. Nc4 Qe6
15. Ncxe5 Nxe5 16. Nxe5 Qxe5 17. Bg3 Qe7 18. Bc4 Nb6 19. Bb5 Rd8 20. Qc2 Be6
21. b3 Rab8 22. Rfd1 Nd5 23. Bc4 Nb4 24. Qb2 Bxc4 25. bxc4 Rxd1+ 26. Rxd1 Rd8
27. Rxd8+ Qxd8 28. h3 Qd1+ 29. Kh2 b6 30. Qe5 Qd7 31. Qb8+ Kh7 32. a3 Nc6 33.
Qc7 Qxc7 34. Bxc7 Na5 35. Bb8 a6 36. Ba7 Nxc4 37. Kg1 Kg6 38. Kf1 Kf5 39. Ke2
Ke4 40. a4 Kd5 41. a5 b5 42. e4+ Kc6 0-1

[Event "Bristol Summer 2017 Fide Open"]
[Site "Bristol"]
[Date "2017.06.10"]
[Round "3.14"]
[White "Thorpe, Thomas G"]
[Black "Musson, Adam J"]
[Result "1-0"]
[WhiteElo "1878"]
[BlackElo "2086"]
[PlyCount "65"]
[EventDate "2017.06.09"]
[EventCountry "ENG"]

1. e4 e5 2. Nf3 Nc6 3. c3 d5 4. Qa4 dxe4 5. Nxe5 Qd5 6. Nxc6 bxc6 7. Bc4 Qc5 8.
d4 Qd6 9. O-O Be6 10. Bf4 Qd7 11. Bxe6 fxe6 12. Nd2 Nf6 13. Rfe1 Bd6 14. Bg3
O-O 15. Nxe4 Rab8 16. Qc2 Rb5 17. Re2 e5 18. dxe5 Bxe5 19. Bxe5 Rxe5 20. Nxf6+
gxf6 21. Rxe5 fxe5 22. Re1 Rd8 23. h3 Qd5 24. Qf5 Re8 25. Re3 Qf7 26. Rg3+ Kf8
27. Qg5 Qg6 28. Qxg6 hxg6 29. Rxg6 Rb8 30. b3 Rb6 31. Re6 Ra6 32. a4 Rb6 33. b4
1-0

[Event "Bristol Summer 2017 Fide Open"]
[Site "Bristol"]
[Date "2017.06.10"]
[Round "3.15"]
[White "Prasse, Philipp"]
[Black "Livesey, R  Nigel"]
[Result "1-0"]
[WhiteElo "2009"]
[BlackElo "1814"]
[PlyCount "41"]
[EventDate "2017.06.09"]
[EventCountry "ENG"]

1. e4 c6 2. d4 d5 3. e5 h5 4. Bd3 g6 5. Ne2 Nh6 6. Nf4 e6 7. O-O c5 8. dxc5
Bxc5 9. Bxg6 fxg6 10. Nxg6 Nf5 11. Nxh8 Qc7 12. Qxh5+ Kd7 13. Ng6 Nc6 14. Nc3
Ncd4 15. Qh7+ Ne7 16. Bg5 Ndc6 17. Rfe1 b5 18. Nxe7 Nxe7 19. Bxe7 Bxe7 20. Nxb5
Qxc2 21. Qxc2 1-0

[Event "Bristol Summer 2017 Fide Open"]
[Site "Bristol"]
[Date "2017.06.10"]
[Round "3.16"]
[White "Price, Andrew"]
[Black "Turner, Joseph D"]
[Result "0-1"]
[WhiteElo "1805"]
[BlackElo "1945"]
[PlyCount "36"]
[EventDate "2017.06.09"]
[EventCountry "ENG"]

1. e4 Nc6 2. Nc3 g6 3. Bc4 Bg7 4. Nf3 e5 5. O-O d6 6. d3 h5 7. Ng5 Nh6 8. f4
Bg4 9. Qe1 exf4 10. Bxf4 Bd4+ 11. Kh1 Qd7 12. h3 f6 13. hxg4 fxg5 14. Bxg5 Ne5
15. Bxh6 hxg4 16. g3 Rxh6+ 17. Kg2 Nf3 18. Qc1 Rh2# 0-1

[Event "Bristol Summer 2017 Fide Open"]
[Site "Bristol"]
[Date "2017.06.10"]
[Round "3.17"]
[White "Fowler, Hugo"]
[Black "Bennett, Dominic L"]
[Result "0-1"]
[WhiteElo "1713"]
[BlackElo "1941"]
[PlyCount "76"]
[EventDate "2017.06.09"]
[EventCountry "ENG"]

1. e4 c5 2. c3 Nf6 3. e5 Nd5 4. d4 cxd4 5. cxd4 d6 6. h3 dxe5 7. dxe5 e6 8. Nf3
Bb4+ 9. Bd2 O-O 10. Bd3 Nf4 11. Bf1 Qa5 12. Nc3 Rd8 13. Qc2 Ng6 14. Qe4 Bd7 15.
a3 Nc6 16. Rc1 Bxc3 17. Bxc3 Qb6 18. g4 Nce7 19. Bd4 Qa5+ 20. Bc3 Qd5 21. Qxd5
Nxd5 22. Bd2 Bc6 23. Be2 Ndf4 24. Bxf4 Nxf4 25. Rc3 Rd7 26. b4 Rad8 27. Rh2
Nxe2 28. Kxe2 Bb5+ 29. Ke3 Rd3+ 30. Rxd3 Rxd3+ 31. Ke4 Rxa3 32. Nd4 Bc4 33. f3
h6 34. h4 g5 35. Ne2 Ra2 36. Ke3 Rxe2+ 37. Rxe2 Bxe2 38. Kxe2 gxh4 0-1

[Event "Bristol Summer 2017 Fide Open"]
[Site "Bristol"]
[Date "2017.06.10"]
[Round "3.18"]
[White "Mascunano, Juan"]
[Black "Matei, Ciprian"]
[Result "1-0"]
[WhiteElo "1637"]
[BlackElo "1880"]
[PlyCount "65"]
[EventDate "2017.06.09"]
[EventCountry "ENG"]

1. d4 d5 2. c4 c6 3. cxd5 cxd5 4. Nc3 Nf6 5. Nf3 Nc6 6. Bf4 a6 7. e3 g6 8. Bd3
Bg7 9. h3 O-O 10. O-O Re8 11. a3 b5 12. b4 Bb7 13. Qb3 e6 14. Rfc1 Nh5 15. Bh2
e5 16. dxe5 Nxe5 17. Nxe5 Bxe5 18. Bxe5 Rxe5 19. Ne2 d4 20. Nxd4 Rg5 21. Bf1
Qd7 22. Kh2 Qd6+ 23. Kh1 Re8 24. Rc3 Qd7 25. Kh2 Bd5 26. Qc2 Qd6+ 27. Kh1 Be4
28. Qd2 Qd5 29. f3 Ng3+ 30. Kg1 Nxf1 31. Rxf1 Bf5 32. g4 Bc8 33. f4 1-0

[Event "Bristol Summer 2017 Fide Open"]
[Site "Bristol"]
[Date "2017.06.10"]
[Round "3.19"]
[White "Rodriguez, Juan Talavera"]
[Black "Fathallah, Joe"]
[Result "1/2-1/2"]
[WhiteElo "1987"]
[BlackElo "1925"]
[PlyCount "89"]
[EventDate "2017.06.09"]
[EventCountry "ENG"]

1. Nf3 d5 2. c4 c6 3. g3 e6 4. b3 Nd7 5. Bb2 Ngf6 6. Bg2 g6 7. O-O Bg7 8. d3
O-O 9. Nbd2 Re8 10. a3 a5 11. Ra2 e5 12. cxd5 Nxd5 13. Qa1 Qe7 14. Rc1 f5 15.
e4 fxe4 16. Nxe4 N5f6 17. Nfd2 Nf8 18. Bc3 Bf5 19. Re1 Rad8 20. Bxa5 Rxd3 21.
Bf1 Rd4 22. Nxf6+ Bxf6 23. Bc3 Rdd8 24. Ne4 Bg7 25. Bb4 Qc7 26. Bc4+ Kh8 27.
Ng5 Ne6 28. Nxe6 Bxe6 29. Qc1 Qf7 30. Ba5 Rd7 31. Bb6 Bd5 32. Qc3 Qf5 33. f4
Rde7 34. Bxd5 cxd5 35. fxe5 Bxe5 36. Bd4 Kg8 37. Rf1 Bxd4+ 38. Qxd4 Qe5 39. Rd2
Qe3+ 40. Qxe3 Rxe3 41. Rxd5 Rxb3 42. Rd7 Rb2 43. Rf2 Rxf2 44. Kxf2 Ra8 45. Rxb7
1/2-1/2

[Event "Bristol Summer 2017 Fide Open"]
[Site "Bristol"]
[Date "2017.06.11"]
[Round "4.1"]
[White "Reznak, Attila"]
[Black "Arkell, Keith C"]
[Result "0-1"]
[WhiteElo "2283"]
[BlackElo "2411"]
[PlyCount "82"]
[EventDate "2017.06.09"]
[EventCountry "ENG"]

1. d4 Nf6 2. c4 e6 3. Nf3 Bb4+ 4. Bd2 Bxd2+ 5. Nbxd2 d6 6. e4 Qe7 7. Qc2 e5 8.
Bd3 O-O 9. h3 Nc6 10. d5 Nb4 11. Qc3 Nxd3+ 12. Qxd3 a5 13. g4 Nd7 14. Qe3 Nc5
15. Nb3 b6 16. Nxc5 bxc5 17. a4 Bd7 18. b3 g6 19. Rg1 Kh8 20. Nd2 f5 21. O-O-O
fxe4 22. Nxe4 Rf4 23. Nd2 Qf6 24. f3 Rb8 25. Qc3 Rb4 26. Rde1 Rd4 27. Re4 g5
28. Rxd4 cxd4 29. Qd3 Qf4 30. Rg2 Rb8 31. Kd1 Rf8 32. Qe4 Qf6 33. Rf2 Be8 34.
Ke1 Bg6 35. Qe2 Qf4 36. Rg2 Bc2 37. Qf2 Rb8 38. h4 Bxb3 39. hxg5 Bc2 40. g6
Rb1+ 41. Ke2 d3# 0-1